[Event "Enger Knappen Cup op-B"]
[Site "Enger"]
[Date "2010.12.30"]
[Round "7"]
[White "Maslungas, Sortirios"]
[Black "Neudorf, Noah Levin"]
[Result "1/2-1/2"]
[WhiteElo "1664"]
[BlackElo "1100"]
[PlyCount "36"]
[EventDate "2010.12.27"]
[EventType "swiss"]
[EventRounds "7"]
[EventCountry "GER"]
[SourceTitle "CBM 140 Extra"]
[Source "ChessBase"]
[SourceDate "2011.03.01"]
[SourceVersion "1"]
[SourceVersionDate "2011.03.01"]
[SourceQuality "1"]

1. e4 d6 2. Nf3 g6 3. d4 Bg7 4. Bd3 Nf6 5. h3 Nfd7 6. c3 h6 7. Be3 Nc6 8. Nbd2 e5 9. d5 Ne7 10. g4 f5 11. gxf5 gxf5 12. exf5 Nxd5 13. Rg1 Nxe3 14. fxe3 Bf6 15. Qc2 Bh4+ 16. Ke2 Nf8 17. Rg4 Bf6 18. Rag1 Qe7 1/2-1/2

[Event "Enger Knappen Cup op-B"]
[Site "Enger"]
[Date "2010.12.29"]
[Round "6"]
[White "Diembeck, Andreas"]
[Black "Maslungas, Sortirios"]
[Result "1-0"]
[WhiteElo "1662"]
[BlackElo "1664"]
[PlyCount "47"]
[EventDate "2010.12.27"]
[EventType "swiss"]
[EventRounds "7"]
[EventCountry "GER"]
[SourceTitle "CBM 140 Extra"]
[Source "ChessBase"]
[SourceDate "2011.03.01"]
[SourceVersion "1"]
[SourceVersionDate "2011.03.01"]
[SourceQuality "1"]

1. e4 e6 2. d4 d5 3. Nc3 Bb4 4. e5 Ne7 5. Qg4 Ng6 6. Bd3 Qh4 7. Qf3 Qxd4 8. Bd2 Nxe5 9. Qg3 Nxd3+ 10. cxd3 Bd6 11. f4 Bd7 12. 0-0-0 a6 13. Nf3 Qf6 14. Rde1 0-0 15. h4 Qg6 16. Qh2 Nc6 17. h5 Qxd3 18. Ne5 Bxe5 19. Re3 Qc4 20. fxe5 d4 21. Qh4 Qc5 22. Rg3 Kh8 23. h6 Rg8 24. hxg7+ 1-0

[Event "Enger Knappen Cup op-B"]
[Site "Enger"]
[Date "2010.12.27"]
[Round "2"]
[White "Maslungas, Sortirios"]
[Black "Polenz, Frederik"]
[Result "1-0"]
[WhiteElo "1664"]
[BlackElo "1919"]
[PlyCount "111"]
[EventDate "2010.12.27"]
[EventType "swiss"]
[EventRounds "7"]
[EventCountry "GER"]
[SourceTitle "CBM 140 Extra"]
[Source "ChessBase"]
[SourceDate "2011.03.01"]
[SourceVersion "1"]
[SourceVersionDate "2011.03.01"]
[SourceQuality "1"]

1. e4 d6 2. d4 Nf6 3. Nc3 e5 4. dxe5 dxe5 5. Qxd8+ Kxd8 6. Bg5 Be6 7. 0-0-0+ Nbd7 8. Nf3 Bd6 9. Nb5 Ke7 10. Nxd6 cxd6 11. Bd3 Nc5 12. b3 b5 13. Nh4 b4 14. Nf5+ Bxf5 15. exf5 h6 16. Bh4 a5 17. f4 e4 18. Rhe1 d5 19. Bb5 Kd6 20. Bxf6 gxf6 21. Bc4 Rac8 22. Rxd5+ Kc6 23. Red1 Kb6 24. Rd6+ Rc6 25. Rxc6+ Kxc6 26. Bxf7 Rc8 27. Kb1 Rc7 28. Bd5+ Kb6 29. Bc4 Kc6 30. Rd8 Re7 31. Kc1 e3 32. Kd1 Ne4 33. Be6 Nc3+ 34. Ke1 Kc5 35. Rd3 e2 36. Rd2 h5 37. Bc4 Re4 38. g3 h4 39. Bxe2 hxg3 40. hxg3 Re7 41. Kf1 Nxa2 42. Bf3 Nc3 43. g4 Nb5 44. Rd5+ Kb6 45. g5 fxg5 46. fxg5 Re3 47. Rxb5+ Kxb5 48. Kf2 Rc3 49. g6 Rxc2+ 50. Be2+ Kb6 51. g7 Rc8 52. Bc4 a4 53. bxa4 Rxc4 54. g8Q Rf4+ 55. Ke3 Rxf5 56. Qe6+ 1-0